000 00399pab a2200169 454500
008 180718b2009 xxu||||| |||| 00| 0 eng d
100 _aTripathy, K.K.
245 _aWasteland development initiatives in India: a review
260 _c2009
300 _ap.16-19.
362 _aJan
650 _aLand use - India
650 _aLand use
773 _aKurukshetra
908 _aN
909 _a80761
999 _c80761
_d80761